La danza en los Estados Unidos

Saved in:
Bibliografiske detaljer
Hovedforfatter: De Mille, Agnes (autora)
Format: Bog
Sprog:spansk
Udgivet: Nueva York Agencia de Comunicación de los Estados Unidos 1978
Fag:
Tags: Tilføj Tag
Ingen Tags, Vær først til at tagge denne postø!

MARC

LEADER 00000nam a2200000 a 4500
001 UCX9932
003 CL-VaPUC
008 940704e19780000US |||||||||||||||||spa|d
082 0 4 |a 793.3  |b MIL  |2 21 
100 |a De Mille, Agnes   |e autora  |9 327467 
245 1 3 |a La danza en los Estados Unidos 
300 |a 121 p 
942 |c BK 
945 |d 19940704 00:00:00  |a oaravena 
260 |a Nueva York  |b Agencia de Comunicación de los Estados Unidos  |c 1978 
650 7 |a DANZA HISTORIA  |2 CL-VaPUC  |9 327468 
651 0 |a Estados Unidos  |9 255178 
583 |a last modification  |c 19940704 00:00:00  |k Rodrigo Vera 
999 |c 229047  |d 229045 
952 |0 0  |1 0  |4 0  |6 793_300000000000000_MIL_1978  |7 0  |8 A  |9 229588  |a BIBARQ  |b BIBARQ  |d 2019-11-15  |i 2985039  |o 793.3 MIL 1978  |p 2985039  |r 2025-01-20  |w 2019-11-15  |y BK  |k ARQ